| 000 | 03207nam a22002777a 4500 | ||
|---|---|---|---|
| 003 | OSt | ||
| 005 | 20240904113913.0 | ||
| 007 | cr ||||||a|c|a | ||
| 008 | 240319s2019 mx ||||fom||| 001 0 spa d | ||
| 040 | _erda | ||
| 100 | 1 |
_92710 _aAguilar García, Jorge |
|
| 245 | 1 |
_aDesarrollo de un aerogenerador para su aplicación en agricultura protegida / _cpor Jorge Aguilar García; director Oscar Luis Palacios Vélez |
|
| 264 | 1 |
_aMontecillo, México : _bColegio De Postgraduados, _c2019 |
|
| 300 |
_a1 recurso en línea (143 páginas). _bFiguras, tablas |
||
| 336 |
_2rdacontent _atexto _btxt |
||
| 337 |
_2rdamedia _acomputadora _bc |
||
| 338 |
_2rdacarrier _arecurso en línea _bcr |
||
| 502 | _gMAE | ||
| 504 | _aIncluye referencias bibliográficas: páginas 109-112 | ||
| 520 | _aLa agricultura protegida y periurbana, han tenido un crecimiento en los últimos años, lo que se ha reflejado en un aumento en la demanda energética. La mayor parte de la energía utilizada es de tipo eléctrica y actualmente, esta se obtiene de la explotación de recursos fósiles, que además de ser finitos, contribuyen al calentamiento global. Una alternativa de solución, son las energías renovables dentro de las cuales la energía eólica ha tenido gran desarrollo a nivel mundial. El objetivo de este proyecto ha sido desarrollar un prototipo de turbina eólica de 100 cm de diámetro, dados los recursos disponibles, que permita aprovechar la energía del viento y transformarla en energía eléctrica, para ser utilizada para actividades referentes a este sector de la agricultura. Para ello se seleccionó un álabe con torsión y cuya sección transversal corresponde al NACA4412 (García y Hernández, 2009); se fabricó con una impresora 3D tipo delta y se replicó en resina PP250 reforzada con fibra de vidrio. Se desarrollaron el buje, cono frontal y elementos de sujeción necesarios para su ensamble y finalmente se construyó. Paralelamente, se caracterizó el recurso eólico en la estación meteorológica del Colegio de Postgraduados, Campus Montecillo a una altura de 15 metros sobre el nivel del suelo, altura a la que se proponía colocar la turbina obtenida. Por problemas técnicos, la caracterización de viento se realizó únicamente para el periodo de marzo a julio de 2018. Finalmente, con los valores de velocidad de viento obtenidos se estimó la densidad de potencia del lugar, que según la clasificación de Li (2016) es “pobre”. De acuerdo con los cálculos, la energía que pudiera extraer la turbina alcanzaría a cubrir el 2.5% de las necesidades de un hogar de “clase media” o el 37% de un invernadero “típico” de agricultura periurbana y que para aumentar ese porcentaje energético se tendría que desarrollar una turbina de mayor tamaño y a mayor altura de ubicación, siguiendo la misma metodología aquí descrita. | ||
| 650 | 4 |
_9186512 _aAgricultura sustentable _xInnovaciones tecnológicas |
|
| 650 | 4 |
_9133537 _aEnergía eólica _xAprovechamiento |
|
| 700 | 1 |
_984852 _aPalacios Vélez, Oscar Luis _eDirector |
|
| 856 |
_uhttp://10.13.5.2/tesis/tm/AGUILAR_GARCÍA_JORGE.pdf _zDESCARGAR PDF |
||
| 942 |
_2Clasificación Universidad Autónoma Chapingo _cTD |
||
| 999 |
_c219820 _d219820 |
||